00329pab a2200133 454500008004000000100001600040245003400056260000900090300001300099362001100112650002700123650001100150773003400161180718b2008 xxu||||| |||| 00| 0 eng d aSinha, C.P. aManagement of floods in Bihar c2008 ap.40-42. a15 Nov aFloods - India - Bihar aFloods aEconomic and Political Weekly